000 00419nam a2200157Ia 4500
008 240729s9999 xx 000 0 und d
022 _a2502-6194
245 0 _aDepik Jurnal
260 _aIndonesia
260 _bUniversitas Syiah Kuala
650 _a Aquaculture. Fisheries. Angling
650 _aAgriculture
856 _uhttps://doaj.org/toc/926e9a418bd44664917194b095769be0
942 _2ddc
942 _cDOAJEJ
999 _c69107
_d69107
945 _a1
_bMadushi Gamage
_c1
_dMadushi Gamage